Studies in perspective / (Record no. 1265)
[ view plain ]
| 000 -LEADER | |
|---|---|
| fixed length control field | 01307cam a22002774a 4500 |
| 005 - DATE AND TIME OF LATEST TRANSACTION | |
| control field | 20260322212053.0 |
| 008 - FIXED-LENGTH DATA ELEMENTS--GENERAL INFORMATION | |
| fixed length control field | data |
| 010 ## - LIBRARY OF CONGRESS CONTROL NUMBER | |
| LC control number | 2010281806 |
| 020 ## - INTERNATIONAL STANDARD BOOK NUMBER | |
| International Standard Book Number | 9780486473321 (pbk.) |
| 020 ## - INTERNATIONAL STANDARD BOOK NUMBER | |
| International Standard Book Number | 0486473325 (pbk.) |
| 040 ## - CATALOGING SOURCE | |
| Original cataloging agency | OSU |
| Transcribing agency | OSU |
| Modifying agency | DLC |
| -- | DLC |
| 042 ## - AUTHENTICATION CODE | |
| Authentication code | lccopycat |
| 050 00 - LIBRARY OF CONGRESS CALL NUMBER | |
| Classification number | NC749 |
| Item number | .V67 2010 |
| 082 00 - DEWEY DECIMAL CLASSIFICATION NUMBER | |
| Classification number | 742 |
| Edition information | 22 |
| 092 ## - LOCALLY ASSIGNED DEWEY CALL NUMBER (OCLC) | |
| Classification number | 742 Dev 2010 |
| 001 - CONTROL NUMBER | |
| control field | data |
| 100 1# - MAIN ENTRY--PERSONAL NAME | |
| Personal name | Vredeman de Vries, Hans, |
| Dates associated with a name | 1527-approximately 1604. |
| 245 10 - TITLE STATEMENT | |
| Title | Studies in perspective / |
| Statement of responsibility, etc. | Hans Vredeman de Vries. |
| 260 ## - PUBLICATION, DISTRIBUTION, ETC. | |
| Place of publication, distribution, etc. | Mineola, N.Y. : |
| Name of publisher, distributor, etc. | Dover Publications, |
| Date of publication, distribution, etc. | 2010, c1996. |
| 300 ## - PHYSICAL DESCRIPTION | |
| Extent | 1 v. (unpaged) : |
| Other physical details | ill. ; |
| Dimensions | 21 x 29 cm. |
| 500 ## - GENERAL NOTE | |
| General note | "Studies in Perspective, first published by Dover Publications, Inc., in 1968 under the title, Perspective, and republished in 2010, is a republication of the work originally published by Henricus Hondius in Leiden in 1604 and (Pars altera) 1605. The text which accompanied the illustrations has been omitted for this reprint. A new Introduction was written specially for the 1968 edition by Adolf K. Placzek"--T.p. verso. |
| 650 #0 - SUBJECT ADDED ENTRY--TOPICAL TERM | |
| Topical term or geographic name entry element | Perspective. |
| 906 ## - LOCAL DATA ELEMENT F, LDF (RLIN) | |
| a | 7 |
| b | cbc |
| c | copycat |
| d | 2 |
| e | ncip |
| f | 20 |
| g | y-gencatlg |
| 925 0# - | |
| -- | acquire |
| -- | 2 shelf copies |
| -- | policy default |
| 955 ## - COPY-LEVEL INFORMATION (RLIN) | |
| -- | rd03 2010-09-08 |
| Withdrawn status | Lost status | Damaged status | Not for loan | Home library | Current library | Shelving location | Date acquired | Total checkouts | Full call number | Barcode | Date last seen | Price effective from | Koha item type |
|---|---|---|---|---|---|---|---|---|---|---|---|---|---|
| Franklin | Franklin | General stacks | 22/03/2026 | 742 22 | BC0011307 | 22/03/2026 | 22/03/2026 | Books |